| 000 | 00504cam a2200169 4500 | ||
|---|---|---|---|
| 001 | D11840 | ||
| 008 | 090401t xxu||||| |||| 00| 0 eng d | ||
| 035 | _a(Sirsi) u99870 | ||
| 041 | _aeng | ||
| 050 | _a526.9820285 | ||
| 100 | _aWolf, Paul R. | ||
| 245 | 3 | _aAn automated photogrammetric mapping system / International Archives of Photogrammetry Vol. 24, 1982 p.169 - 178 | |
| 350 | _a0 | ||
| 520 | _aIn RICS Land surveyors information package 12: image processing | ||
| 942 | _n0 | ||
| 948 | _c04/03/1997 | ||
| 999 |
_c99503 _d99503 |
||